| 000 | 00444cam a2200181ua 4500 | ||
|---|---|---|---|
| 001 | 3929 | ||
| 008 | 111209n ii |||gr||||Z||||||asm | ||
| 040 | _cMAIN | ||
| 082 | _a891.4511 | ||
| 100 | 1 | _aHazarika, Mofuzuddin Ahmed, | |
| 245 | 1 | 1 |
_aJnan malini _cby Mofizuddin Ahmed Hazarika |
| 250 | _a8th. | ||
| 260 |
_aDibrugarh: _bLBS publication,987. |
||
| 300 |
_a66p: _c23cm. |
||
| 653 | _aAssamese poem | ||
| 653 | _aJnan malini | ||
| 942 | _cBK | ||
| 999 |
_c3751 _d3751 |
||